University Home | Library Home | Institutional Repository

Born - Digital Texts in The English Language Classroom / (Record no. 216518)

MARC details
000 -LEADER
fixed length control field 00840 a2200253 4500
005 - DATE AND TIME OF LATEST TRANSACTION
control field 20260417084848.0
008 - FIXED-LENGTH DATA ELEMENTS--GENERAL INFORMATION
fixed length control field 260417b |||||||| |||| 00| 0 eng d
020 ## - INTERNATIONAL STANDARD BOOK NUMBER
International Standard Book Number 9781800414792
040 ## - CATALOGING SOURCE
Original cataloging agency LC
Transcribing agency UNZA
Description conventions RDA
050 ## - LIBRARY OF CONGRESS CALL NUMBER
Classification number PE 1128
Item number BOR 2024.
245 ## - TITLE STATEMENT
Title Born - Digital Texts in The English Language Classroom /
Statement of responsibility, etc. edited by Saskia Kersten and Christian Ludwig.
260 ## - PUBLICATION, DISTRIBUTION, ETC.
Name of publisher, distributor, etc. Multilingual Matters :
Date of publication, distribution, etc. 2024.
Place of publication, distribution, etc. London,
300 ## - PHYSICAL DESCRIPTION
Extent vii, 284 pages :
Other physical details illustrations.
336 ## - CONTENT TYPE
CONTENT TYPE Text
337 ## - MEDIA TYPE
MEDIA TYPE Unmediated
338 ## - CARRIER TYPE
CARRIER TYPE Volume
504 ## - BIBLIOGRAPHY, ETC. NOTE
Bibliography, etc. note Includes bibliographical references and index.
650 ## - SUBJECT ADDED ENTRY--TOPICAL TERM
Topical term or geographic name entry element English language
General subdivision Study and teaching--Foreign speakers
650 ## - SUBJECT ADDED ENTRY--TOPICAL TERM
Topical term or geographic name entry element Digital media
650 ## - SUBJECT ADDED ENTRY--TOPICAL TERM
Topical term or geographic name entry element Hypertext literature
700 ## - ADDED ENTRY--PERSONAL NAME
Personal name Kersten, Saskia
Relator term editor.
700 ## - ADDED ENTRY--PERSONAL NAME
Personal name Ludwig, Christian
Relator term editor.
942 ## - ADDED ENTRY ELEMENTS (KOHA)
Koha item type Book
999 ## -
-- 216518
-- 216518
Holdings
Withdrawn status Lost status Source of classification or shelving scheme Damaged status Not for loan Collection code Home library Current library Shelving location Date acquired Source of acquisition Cost, normal purchase price Total Checkouts Full call number Barcode Date last seen Copy number Cost, replacement price Price effective from Koha item type
    Library of Congress Classification     Non-fiction Main Library Main Library On Shelf 03/27/2026 Donation 300.00   PE 1128 BOR 2024. 33729006810506 03/27/2026 1 300.00 03/27/2026 Book
© 2026 - The University of Zambia Library - Koha v25.11